Pensar la Biblia : estudios exegéticos y hermenéuticos /

Guardado en:
Detalles Bibliográficos
Autor principal: Lacocque, André (autor)
Otros autores: Ricoeur, Paul (autor) (autor)
Formato: Libro
Idioma:Español
Publicado: Barcelona, España : Herder, 2001, c2001
Temas:
Etiquetas: Agrega una etiqueta
Sin etiquetas, Sé el primero en etiquetar este registro!

MARC

LEADER 00000nam^a2200000^a^4500
001 000139370
005 20250521000000.0
009 20260310095501.263
020 |a 84-254-2116-0 
037 |a Acervo ITESO - Biblioteca 
041 |a ESP 
082 |a 220. 6  |b LAC 
100 |a Lacocque, André  |e (autor) 
245 1 0 |a Pensar la Biblia :  |b estudios exegéticos y hermenéuticos /  |c A. Lacocque, P. Ricoeur ; tr. por Antonio Martínez Riu. 
264 4 |a Barcelona, España :  |b Herder,  |c 2001, c2001 
300 |a 422 p. 
336 |a texto  |b txt  |2 rdacontenido 
337 |a sin mediación  |b n  |2 rdamedio 
338 |a volumen  |b nc  |2 rdasoporte 
500 |a Traducción de: Thinking Biblically 
649 |a XX 
650 |a Biblia -  |x Hermenéutica 
650 |a Biblia -  |x Antiguo Testamento -  |x Pentateuco -  |x Génesis 
650 |a Biblia -  |x Antiguo Testamento -  |x Pentateuco -  |x Exodo 
650 |a Biblia -  |x Antiguo Testamento -  |x Libros Proféticos (Mayores) -  |x Ezequiel 
650 |a Biblia -  |x Antiguo Testamento -  |x Libros Poéticos y Sapienciales -  |x Salmos 
650 |a Biblia -  |x Antiguo Testamento -  |x Libros Proféticos (Menores) -  |x Zacarías 
650 |a Biblia -  |x Antiguo Testamento -  |x Historia y Crítica 
650 |a Biblia -  |x Historia y Crítica 
650 |a Hermenéutica 
650 |a Judaísmo 
650 |a Cristianismo 
650 |a Religión 
650 |a Literatura Religiosa 
650 |a Análisis del Discurso 
650 |a Traducción e Interpretación 
650 |a Lenguaje y Lenguas 
650 |a Comunicación Escrita 
650 |a Lingüística 
700 |a Ricoeur, Paul  |e (autor) 
910 |a Fondo General 
920 |a Impresos - Libros 
930 |a Colección General 
905 |a 101 
901 |a 0500067448  |b IT1  |c ACC  |u 20250521 
902 |a https://opac.biblio.iteso.mx/vufind/Record/000139370